| 000 | 00388cam a22001097a 4500 | ||
|---|---|---|---|
| 008 | 180718b1957 xxu||||| |||| 00| 0 eng d | ||
| 082 | _aDx54 In2n | ||
| 245 |
_aMilitary alliances: excerpts from Prime Minister Nehru's speeches in Parliament, 1954-56 _cby Lok Sabha Secretariat |
||
| 260 |
_aNew Delhi _bLok Sabha Secretariat _c1957 |
||
| 300 | _a24+p. | ||
| 700 | _aIndia. Lok Sabha Secretariat | ||
| 999 |
_c395383 _d395383 |
||